Battles of East Asia post WWII - Statistics

General Stats
  • This quiz has been taken 9 times
  • The average score is 7 of 17
Answer Stats
Hint Answer % Correct
Korea - Following the Inchon landing, UN forces retook the South Korean capital from the North Koreans, a significant political and military victory. Battle of Seoul
83%
Vietnam - The final event of the war, where North Vietnamese forces captured the South Vietnamese capital, leading to the reunification of Vietnam under communist rule. Fall of Saigon
83%
First Indochina War - The war's decisive battle, where the Viet Minh, under General Võ Nguyên Giáp, besieged and overwhelmed the heavily fortified French garrison, leading to their surrender and paving the way for the Geneva Accords and French withdrawal. Battle of Dien Bien Phu
67%
Vietnam - A brutal, house-to-house battle during the Tet Offensive in the ancient imperial city, resulting in heavy casualties and destruction. Battle of Hue
67%
Vietnam - A massive, coordinated series of surprise attacks by the Viet Cong and NVA across South Vietnam, turning point in public opinion as it shattered beliefs of an imminent U.S. victory. Tet offensive
67%
Vietnam - This first major US battle of the war. Establishing airmobile tactics for the U.S. and close-combat strategies for the NVA. Battle of Ia Drang
50%
Korea - A daring amphibious landing by UN forces, led by General MacArthur, that bypassed the Pusan Perimeter, cut off North Korean supply lines, and led to the recapture of Seoul, turning the tide of the war. Battle of Inchon
50%
First Indochina War - A crucial Viet Minh success, this attack on a key French outpost forced the French to abandon surrounding positions, signaling the growing strength and strategic capability of the Viet Minh forces. Battle of Đông Khê
33%
Vietnam - A prolonged siege of a U.S. Marine base, mirroring the French defeat at Dien Bien Phu, though ultimately relieved, it tied down significant U.S. forces during Tet. Battle of Khe Sanh
33%
Chinese Civil War - The largest and bloodiest battle, resulting in major KMT losses and opening the south to CCP forces. Huaihai Campaign
33%
Korea - A devastating battle where U.S. Marines and Army units fought their way out of encirclement by massive Chinese forces in brutal winter conditions, a costly but strategically vital withdrawal. A battle of Chosin Reservoir
17%
Korea - A prolonged and brutal fight for a strategically important hill, symbolizing the bloody stalemate and attritional warfare that characterized the later stages of the war. battle of Heartbreak Ridge
17%
Korea - The first major engagement between U.S. and North Korean forces, where outnumbered U.S. troops fought a delaying action, setting the stage for the desperate defense of the Pusan Perimeter. Battle of Osan
17%
First Indochina War - A major French victory where French forces, with increased airpower and napalm, repelled large Viet Minh assaults near Hanoi, turning the tide temporarily in their favor. Battle of Vĩnh Yên
17%
Chinese Civil War - CCP victory in Manchuria, capturing the industrial heartland and providing a crucial base for future operations. Liaoshen Campaign
17%
Vietnam - sometimes referred to as the Christmas bombings and, in Vietnam, Dien Bien Phu in the air, was a strategic bombing campaign conducted by the United States against targets in North Vietnam from 18 December to 29 December 1972 Operation Linebacker II
17%
Chinese Civil War - Communist capture of Beijing (Peiping) and Tianjin, securing North China and isolating remaining KMT forces. Pingjin Campaign
17%
No matching quizzes found
Score Distribution
Percent of People with Each Score
Percentile by Number Answered
Your Score History
You have not taken this quiz